|
|
|
|
| LEADER |
00000nas a2200000 a 4500 |
| 001 |
ssj0012684 |
| 003 |
WaSeSS |
| 005 |
20200512172242.0 |
| 006 |
m d |
| 007 |
cr n |
| 008 |
990823c19109999enkbr pss 0 a0eng c |
| 010 |
|
|
|a 2004263282
|
| 015 |
|
|
|a GBA607706
|2 bnb
|
| 016 |
7 |
|
|a 013364755
|2 Uk
|
| 022 |
|
|
|a 1474-029X
|l 0035-8533
|y 0035-8533
|
| 035 |
|
|
|a (WaSeSS)ssj0012684
|
| 037 |
|
|
|b Carfax International Publishers, PO Box 25, Abingdon, Oxfordshire, OX14 3UE, UK
|
| 040 |
|
|
|a F#A
|b eng
|e pn
|c F#A
|d OCLCQ
|d TXA
|d OCLCS
|d MUQ
|d OCLCQ
|d UKMGB
|d OCLCE
|d FJM
|d OCLCQ
|d AUD
|d OCLCF
|d VT2
|d OCLCQ
|d OCL
|d NLE
|d DLC
|d WaSeSS
|
| 042 |
|
|
|a pcc
|a dlr
|
| 043 |
|
|
|a e-uk---
|a b------
|
| 050 |
0 |
0 |
|a AP4
|
| 082 |
0 |
4 |
|a 917.1/241
|
| 130 |
0 |
|
|a Round table (Online)
|
| 245 |
1 |
4 |
|a The round table
|h [electronic resource].
|
| 260 |
|
|
|a [Abingdon, Oxfordshire] :
|b Carfax International Publishers
|
| 260 |
3 |
|
|3 <2014-> :
|a [Abingdon] :
|b Taylor & Francis
|
| 310 |
|
|
|a 6 issues per year,
|b 2007-
|
| 321 |
|
|
|a Quarterly
|
| 362 |
1 |
|
|a Print began in 1910.
|
| 500 |
|
|
|a "The commonwealth journal of international affairs."
|
| 506 |
|
|
|a License restrictions may limit access.
|
| 515 |
|
|
|a Issues are numbered consecutively through 2011.
|
| 538 |
|
|
|a Master and use copy. Digital master created according to Benchmark for Faithful Digital Reproductions of Monographs and Serials, Version 1. Digital Library Federation, December 2002.
|u http://purl.oclc.org/DLF/benchrepro0212
|5 MiAaHDL
|
| 538 |
|
|
|a Mode of access: World Wide Web.
|
| 583 |
1 |
|
|a digitized
|c 2010
|h HathiTrust Digital Library
|l committed to preserve
|5 MiAaHDL
|2 pda
|
| 588 |
|
|
|a Description based on: Vol. 349 (Jan. 1999); title from issue table of contents (MetaPress, viewed Dec. 6, 2004).
|
| 588 |
|
|
|a Latest issue consulted: Vol. 108, no. 6 (2019) (Taylor & Francis, viewed Jan. 17, 2020).
|
| 648 |
|
7 |
|a 1900 - 1999
|2 fast
|
| 650 |
|
7 |
|a Politics and government.
|2 fast
|0 (OCoLC)fst01919741
|
| 651 |
|
0 |
|a Great Britain
|x Politics and government
|y 20th century
|v Periodicals.
|
| 651 |
|
0 |
|a Commonwealth countries
|x Politics and government
|v Periodicals.
|
| 651 |
|
6 |
|a Grande-Bretagne
|x Politique et gouvernement
|y 20e siècle
|v Périodiques.
|
| 651 |
|
6 |
|a Pays du Commonwealth
|x Politique et gouvernement
|v Périodiques.
|
| 651 |
|
7 |
|a Commonwealth countries.
|2 fast
|0 (OCoLC)fst01240090
|
| 651 |
|
7 |
|a Great Britain.
|2 fast
|0 (OCoLC)fst01204623
|
| 655 |
|
0 |
|a Electronic journals.
|
| 776 |
1 |
|
|t Round table
|x 0035-8533
|w (DLC)ca 15000389
|w (OCoLC)1764559
|
| 850 |
|
|
|a DLC
|
| 856 |
4 |
0 |
|z Full text available from Research Library: 10/01/1997 to 09/30/2000
|u https://search.proquest.com/publication/21475
|